Statystyki dla Najsilniejsze armię świata

Kliknij tutaj aby rozwiązać quiz!

Ogólne statystyki

  • Ten quiz został rozwiązany 576 razy
  • Średni wynik to 12 z 15

Statystyki odpowiedzi

Power scoreKraj% Poprawnych
0.0501Rosja
100%
0.0511Chiny
99%
0.0453Usa
99%
0.1283Francja
94%
0.1382Wielka Brytania
92%
0.0979Indie
91%
0.1195Japonia
89%
0.1695Brazylia
83%
0.1261Korea południowa
82%
0.1961Turcja
75%
0.1801Włochy
75%
0.2104Iran
74%
0.1572Pakistan
71%
0.1869Egipt
62%
0.2251Indonezja
53%

Rozkład punktacji

Percentyl według liczby udzielonych odpowiedzi

Procent ludzi z każdym wynikiem

Twoja historia wyników

Nie rozwiązałeś tego quizu